|
|
|
|
| LEADER |
00722nam a2200205 a 4500 |
| 008 |
100213r19951993enka 001 0 eng d |
| 020 |
|
|
|a 0748715843
|
| 020 |
|
|
|a 0748717390
|
| 040 |
|
|
|a Uk
|c Uk
|d BD-DhAAL
|
| 082 |
0 |
0 |
|a 530
|2 20
|
| 100 |
1 |
|
|a Muncaster, Roger.
|
| 245 |
0 |
0 |
|a A-level physics /
|c Roger Muncaster.
|
| 260 |
|
|
|a Cheltenham, England :
|b Thornes,
|c 1993 [reprinted 1995].
|
| 300 |
|
|
|a vi, 953p. :
|b ill. ;
|c 24 cm.
|
| 504 |
|
|
|a Includes index.
|
| 541 |
1 |
|
|e 00011396
|
| 650 |
|
0 |
|a Physics.
|
| 852 |
4 |
|
|a Ayesha Abed Library
|j General Shelf
|
| 999 |
|
|
|c 7483
|d 7483
|
| 952 |
|
|
|0 0
|1 0
|2 ddc
|4 0
|6 530_MUN_199500000000000
|7 0
|9 8049
|a BRACUL
|b BRACUL
|c GEN
|d 2010-02-13
|l 20
|m 102
|o 530 MUN
|p 3010011396
|r 2022-10-11
|s 2020-03-12
|t 1
|w 2010-02-13
|y BK
|